MDQL
is popping MORE tags! Check the
thread
!
Quizzes
Events
Quiz Creation
Community
Videos
Private Events
Remove Ads
Sign In
Join for FREE
Feedback
Dark Mode
Quiz Categories
Sports
Geography
Music
Movies
Television
Just For Fun
Miscellaneous
History
Literature
Language
Science
Gaming
Entertainment
Religion
Holiday
For Kids
Quiz Lab
Recent
Popular Today
Quiz Kudos Today
Editor Picks
Curator Picks
Quizzes by...
Day
Popularity
Type
Ratings
Length
Year
Community
Subscriptions
Recent Discussions
Orange Saloon
Badges
Playlists
Quests
Create
Leaderboards
Showdown
Live 5
Trivia Bingo
Activity
Puzzle Library
Sporcle Events
Private Events
Virtual Trivia
Globe League
Become a Host
Pub Owners
SporcleCon
Opinionation
Our Games
Videos
Blog
Mobile Apps
Partnerships
Remove Ads and Go Orange
Feedback
Science
Computer
Plants
Astronomy
Chemistry
Elements
Math
Animal
Physics
Anatomy
Biology
Geology
General Science
Science
Computer
Plants
Astronomy
Chemistry
Elements
Math
Animal
Physics
Anatomy
Biology
Geology
General Science
Random Quiz
Search Sporcle
×
Quiz Lab
Quiz Lab
Science
Review
Type in answers that appear in a list
Type in answers that appear in a list
Classic
Best Score? Go Orange.
2016 SJC Class of 2017 Physical Science Review Stats
Can you name the science vocabulary terms that you will see on the Science final next week?
By
michaeljgarman10
5m
39 Questions
16 Plays
16 Plays
16 Plays
Comments
Comments
Give Quiz Kudos
Give Quiz Kudos
-
- Ratings
hide this ad
Forced Order
Answers have to be entered in order
Answers have to be entered in order
Wrong Answers
Some wrong answers will appear in red
Some wrong answers will appear in red
Random Order
Randomize order of answers
Randomize order of answers
Replay
Link that replays current quiz
Next Quiz
Link to next quiz in quiz playlist
You Got
0%
They Got
Avg Score
21%
Avg Friend Score
Upgrade to see
Score Distribution
Jump to the score distribution portion of the page
Score
0/39
Timer
05:00
0
Plays Today
Hint
Answer
% Correct
Unit of measurement for frequency
???
50%
The material through which a wave travels
???
43.8%
The bending of waves as they enter a new medium at an angle
???
43.8%
The distance between two corresponding parts of a wave
???
37.5%
A wave that moves the medium in a direction perpendicular to the direction in which the wave travels
???
31.3%
The bending of waves as they move around a barrier or pass through an opening
???
31.3%
The lowest part of a transverse wave
???
31.3%
A disturbance that transfers energy from place to place
???
25%
The number of complete waves that pass a given point in a certain amount of time
???
25%
The change in frequency of a wave as its source moves in relation to an observer
???
25%
Electromagnetic waves with wavelengths longer than UV rays, but shorter than gamma rays
???
25%
A method of transmitting signals by changing the frequency of a wave
???
25%
Electromagnetic waves with frequencies longer than radio waves, but shorter than visible light
???
25%
The bouncing back of an object or wave when it hits a surface through which it cannot pass
???
25%
Electromagnetic waves that are visible to the human eye
???
25%
A method of transmitting signals by changing the amplitude of the wave
???
25%
Radio waves with the shortest wavelengths and highest frequencies
???
25%
The part of a longitudinal wave where the particles of the medium are close together
???
18.8%
The interference that occurs when two waves combine to make a wave with a smaller amplitude
???
18.8%
A system that uses reflected radio waves to detect objects and measure their distance and speed
???
18.8%
Hint
Answer
% Correct
The interaction between waves that meet
???
18.8%
Perception of the frequency of a sound
???
18.8%
Electromagnetic waves with the longest frequencies
???
18.8%
Sound waves with frequencies above 20,000 Hz.
???
18.8%
Electromagnetic waves with the longest wavelengths and lowest frequencies
???
18.8%
A wave that requires a medium through which to travel
???
18.8%
Sound waves with frequencies below 20 Hz.
???
18.8%
An electronic component that layers two types of semiconductors
???
12.5%
The ability to move an object some distance
???
12.5%
The highest part of a transverse wave
???
12.5%
The complete range of electromagnetic waves placed in order of increasing frequency
???
12.5%
An electric current that is varied smoothly to represent information
???
12.5%
A solid-
state component used to amplify an electronic signal or turn it on and off
???
12.5%
The maximum distance the particles of a wave move away from their rest positions as a wave passes through the medium
???
12.5%
The interference that occurs when two waves combine to make a wave with a greater amplitude
???
12.5%
Pulses of current used to represent information
???
12.5%
Electromagnetic waves with frequencies higher than visible light but lower than X-
rays
???
12.5%
A material that only conducts current under certain conditions
???
12.5%
A wave that moves a medium in a direction parallel to the direction in which the wave travels
???
6.3%
Quiz Playlist
Details
Report
Send in Message
Add To Playlist
Classic:
Type in answers that appear in a list
Forced Order:
Answers have to be entered in order
Wrong Answers:
Some wrong answers will appear in red
Random Order:
Randomize order of answers
Last Updated: Feb 16, 2017
Quiz Scoreboard
CHALLENGE
Sign Up to Join the Scoreboard
Show All
Scores
Hide
Comments
May contain spoilers
Recently Published
Two Season TV Shows II
by 123Four
Television
10m
Image Sorting: Flags VI
by Barbecue
Geography
2m
Find the 'City' Movie
by crazypaving
Movies
60s
More to Explore
Quiz From the Vault
Featured Blog Post
14 Easter Pick-up Lines to Find Eggs With
hide this ad
You Might Also Like...
Tags
guide
Physical Science
Review
school
Study
Study Guide
Terms Review
Today's Top Quizzes in Science
Browse Science
hide this ad
Today's Top Quizzes in Review
Browse Review
Top Contributed Quizzes in Science
1
Mitosis Sporcle for Escape Room
2
Windmill: Elements
3
200 Vogels in Nederland
4
Square Numbers Scrambled (1-50)
5
Elements In Images
6
Glycolysis
7
Count to 60
8
Quick Pick: 'CI-CJ' Animals
9
17 TIMES TABLE
10
perfect squares 1-25
Explore More
Trending Topics
Anime
Disney
Kpop
Harry Potter
NBA
Crossword
Marvel
Song
Pokémon
Country
WWE
Soccer
Puzzle
NFL
The Office
hide this ad
More By:
michaeljgarman10
Quiz
Plays
Rating
Category
Featured
Created
NFL Winless Seasons
40,044
4.60
Sports
Jan 1, 2018
Race to the Presidency A-Z
23,822
4.70
History
Jul 10, 2016
Countries beginning with 'Yrgyzstan'
8,881
2.80
Geography
May 30, 2016
Famous Songs, Plus or Minus...
6,902
4.57
Music
Dec 21, 2016
2016 Chicago Cubs Starters and Rotation
2,831
4.81
Sports
Jun 9, 2016
Go to Creator's Profile
Score Distribution
Quiz Creator Spotlight
michaeljgarman10
Follow
Send a Message
Quizzes Created
-
Created Quiz Play Count
-
More By This Creator
Popular Quizzes Today
1
Find the US States - No Outlines Minefield
2
Colored Red Africa Blitz
3
Find the 'City' Movie
4
5x2 Blitz: Bands
5
The Countries of the World
6
Find the Countries of Europe - No Outlines Minefield
7
Find the US States
8
US States
More Science Quizzes
Prove You Aren't a Robot - Animal Classes III
Curator's Pick
Trending Quizzes
Colored Red Europe Blitz I
Colored Red Africa Blitz II
Colored Red Europe Blitz II
Colored Red Africa Blitz III
Even More Two Season TV Shows
Recently Updated
March Madness Men's Triple Doubles
pecheneg
How Do You Spell That?
pecheneg
Godzilla Movies
pecheneg
Grab Bag: 4-10 Letters
pecheneg
2024 March Madness Bracket
pecheneg
Famous TV Couples
Peacemaker
Champions League XIs: Real Madrid
pecheneg
Largest US Cities 1790-2010
pecheneg
Rides in Walt Disney World
pecheneg
Most Oscar Losses (Acting)
pecheneg
Trending Topics
Marvel
Anime
Crossword
Kpop
Disney
Harry Potter
NBA
Pokémon
NFL
Country
Soccer
Puzzle
WWE
Song
The Office
Your Account Isn't Verified!
In order to create a playlist on Sporcle, you need to verify the email address you used during registration. Go to your
Sporcle Settings
to finish the process.
Report this User
Report this user for behavior that violates our
Community Guidelines
.
Details:
Send Report
Go to the Sporcle.com Mobile Site →
Comments